[Event "EU-ch Amateur Online 1400/1700"]
[Site "Tornelo INT"]
[Date "2021.04.17"]
[Round "1"]
[White "Oikonomopoulos, Filippos"]
[Black "Bartman, Ksawery"]
[Result "0-1"]
[WhiteElo "1574"]
[BlackElo "1254"]
[PlyCount "50"]
[EventDate "2021.04.17"]
[EventType "swiss (rapid)"]
[EventRounds "8"]
[EventCountry "NET"]
[SourceTitle "EXT 2023"]
[Source "ChessBase"]
[SourceDate "2022.10.05"]
[SourceVersion "1"]
[SourceVersionDate "2022.10.05"]
[SourceQuality "1"]

1. d4 Nf6 2. c4 g6 3. Nc3 Bg7 4. e4 d6 5. Be2 0-0 6. Bg5 h6 7. Be3 e5 8. d5 a5 9. f3 Nh5 10. g4 Nf4 11. Bxf4 exf4 12. h4 Bf6 13. g5 hxg5 14. h5 gxh5 15. Rxh5 Kg7 16. Qd3 Rh8 17. Rxh8 Qxh8 18. 0-0-0 Na6 19. Nb5 Bxb2+ 20. Kxb2 Kg6+ 21. Qd4 Qh2 22. Re1 Nc5 23. Qc3 Na4+ 24. Kc2 Nxc3 25. Kxc3 Qh8+ 0-1